Statistics for Famous Australians #1

Click here to take the quiz!

General Stats

  • This quiz has been taken 18 times
  • The average score is 5 of 15

Answer Stats

HintAnswer% Correct
The Crocodile HunterSteve Irwin
94%
Played the Wolverine in the X-Men FilmsHugh Jackman
88%
Australian Bushranger part of the Kelly GangNed Kelly
56%
1987 Wimbledon Grand Slam winnerPat Cash
56%
Actor better known as Dame Edna EverageBarry Humphries
38%
Australia's First Prime MinisterEdmund Barton
31%
Australian Golfer and the winner of the 2013 Masters Adam Scott
31%
Aviator who flew the first flight between Australia and New Zealand Charles Kingsford Smith
31%
Lead Singer of Midnight Oil and Australian Politician Peter Garrett
25%
Australia's First Saint and Founder of the Sisters of St JosephMary MacKillop
19%
Highest points scorer in the NBL and current head coach of the Sydney KingsAndrew Gaze
19%
Antarctic Explorer and Geologist Douglas Mawson
13%
1973 Nobel Prize for Literature winnerPatrick White
6%
A Nobel Prize winning scientist who discovered penicillin Howard Florey
6%
South Australian Author and the Creator of Storm BoyColin Thiele
0%

Score Distribution

Percentile by Number Answered

Percent of People with Each Score

Your Score History

You have not taken this quiz